Retail delivery systems news

Detalles Bibliográficos
Formato: Electrónico Revista
Lenguaje:inglés
Publicado: Potomac, MD : Phillips Business Information
Materias:
Acceso en línea:Full text available from Research Library: 05/10/1996 to 01/30/1998

MARC

LEADER 00000nas a22000007a 4500
001 ssj0011281
003 WaSeSS
005 20200512172242.0
006 m d
007 cr n
008 951205c19969999mduer p s 0 a0eng c
010 |a sn 95002405  
022 |l 1086-2137  |y 1086-2137 
035 |a (WaSeSS)ssj0011281 
037 |b Phillips Business Information, 1201 Seven Locks Rd., Potomac, MD 20897-5402  |c $595.00 
040 |a NSD  |b eng  |c NSD  |d OCLCQ  |d CRU  |d OCLCF  |d OCLCO  |d WaSeSS 
042 |a nsdp  |a pcc 
082 1 0 |a 658  |2 12 
210 0 |a Retail deliv. syst. news 
222 0 |a Retail delivery systems news 
245 0 0 |a Retail delivery systems news  |h [electronic resource]. 
260 |a Potomac, MD :  |b Phillips Business Information 
310 |a Biweekly 
362 1 |a Began in 1996. 
506 |a License restrictions may limit access. 
588 |a Description based on: Vol. 1, no. 19 (Sept. 13, 1996); title from caption. 
650 0 |a Delivery of goods  |v Periodicals. 
650 0 |a Shipment of goods  |v Periodicals. 
650 7 |a Delivery of goods.  |2 fast  |0 (OCoLC)fst00889965 
650 7 |a Shipment of goods.  |2 fast  |0 (OCoLC)fst01116313 
655 0 |a Electronic journals. 
856 4 0 |z Full text available from Research Library: 05/10/1996 to 01/30/1998  |u https://search.proquest.com/publication/32795